000 00401pab a2200169 454500
008 180718b2010 xxu||||| |||| 00| 0 eng d
100 _aMani Lata
245 _aWhere angels fear to tread: The Ayodhya verdict
260 _c2010
300 _ap.10-12.
362 _a16 Oct
650 _aAyodhya
650 _aReligion
773 _aEconomic and Political Weekly
908 _aN
909 _a89398
999 _c89398
_d89398